000 00228nam a22000857a 4500
008 160810b xxu||||| |||| 00| 0 eng d
100 _9100
_aSiddiqui S A
245 _aBusiness Studies-XII
260 _aNew Delhi
_bLaxmi Publication
_c2008
999 _c2753
_d2753